LDR 01026naa#a2200181#i#450# 001 RU\\bibl\118119 005 20260428103830.2 011 ## _a3033-8239 100 ## _a20260401b2026####ek#y0rusy0150####ca 102 ## _aRU 200 1# _aPRO ET CONTRA ЦИФРОВИЗАЦИИ ПРОФСОЮЗНОЙ ДЕЯТЕЛЬНОСТИ (НА ПРИМЕРЕ КРАСНОДАРСКОГО КРАЯ) _eЖурнальная статья 210 1# _aАрмавир _cАвтономная некоммерческая организация научно-исследовательский институт «Цифровая философия – Цифровой интеллект» _d2026 215 ## _a0 с. 608 ## _aЖурнальная статья _2local 675 ## _aНаука в целом. Науковедение. Организация умственного труда. 001 _z 700 #1 _aСивков _gСергей Михайлович 700 #1 _aКрявцов _gДмитрий Александрович 856 4# _aintellectualsovereignty.ru _u